| 000 | 00427nam a2200157Ia 4500 | ||
|---|---|---|---|
| 008 | 220530s9999 xx 000 0 und d | ||
| 020 | _a9788131705025 | ||
| 041 | _aeng | ||
| 082 |
_a621.382 _bFLO |
||
| 100 |
_aFlood, J.E. _958120 |
||
| 245 | _aTelecommunication Switching, Traffic and Networks | ||
| 250 | _a1 Edition | ||
| 260 |
_aNoida (UP) _bPearson Education _c2012 |
||
| 300 |
_aXVIII;310P. _bPB |
||
| 906 |
_a156.25 _bETC |
||
| 999 |
_c52376 _d52376 |
||